Nunca aceptes carabelas de desconocidos / (Registro nro. 6879)
[ vista simple ]
| 000 -LEADER | |
|---|---|
| fixed length control field | 01296cam a2200289 a 4500 |
| 001 - CONTROL NUMBER | |
| control field | 1604054 |
| 003 - CONTROL NUMBER IDENTIFIER | |
| control field | OSt |
| 005 - DATE AND TIME OF LATEST TRANSACTION | |
| control field | 20200923135151.0 |
| 008 - FIXED-LENGTH DATA ELEMENTS--GENERAL INFORMATION | |
| fixed length control field | 940428s1993 ck a b 000 0 spa d |
| 020 ## - INTERNATIONAL STANDARD BOOK NUMBER | |
| International Standard Book Number | 9586480577 |
| 035 ## - SYSTEM CONTROL NUMBER | |
| System control number | (OCoLC)30455504 |
| 040 ## - CATALOGING SOURCE | |
| Original cataloging agency | ICU |
| Transcribing agency | CO-JMCR |
| 041 0# - LANGUAGE CODE | |
| Language code of text/sound track or separate title | spa |
| 082 04 - DEWEY DECIMAL CLASSIFICATION NUMBER | |
| Classification number | 338.94508 / |
| Item number | M678n |
| Edition number | 23 |
| 100 1# - MAIN ENTRY--PERSONAL NAME | |
| Personal name | Missoni, Eduardo., |
| Relator term | autor |
| 9 (RLIN) | 10719 |
| 245 10 - TITLE STATEMENT | |
| Title | Nunca aceptes carabelas de desconocidos / |
| Statement of responsibility, etc. | Eduardo Missoni, María Inés Bussi. |
| 250 ## - EDITION STATEMENT | |
| Edition statement | Primera edición |
| 260 ## - PUBLICATION, DISTRIBUTION, ETC. | |
| Place of publication, distribution, etc. | Bogotá : |
| Name of publisher, distributor, etc. | Ecoe Ediciones, |
| Date of publication, distribution, etc. | 1993. |
| 300 ## - PHYSICAL DESCRIPTION | |
| Extent | viii, 300 páginas : |
| Other physical details | ilustraciones, gráficas a blanco y negro ; |
| Dimensions | 24 cm. |
| 504 ## - BIBLIOGRAPHY, ETC. NOTE | |
| Bibliography, etc. note | Includes bibliographical references. |
| 505 0# - FORMATTED CONTENTS NOTE | |
| Formatted contents note | La historia y el marco legislativo de la cooperación Italiana al desarrollo. -- La organización actual de la cooperación Italiana al desarrollo. -- L ayuda pública al desarrollo de Italia. Sus instrumentos y su evolución. -- La cooperación italiana a l desarrollo en América Latina. |
| 650 24 - SUBJECT ADDED ENTRY--TOPICAL TERM | |
| Topical term or geographic name entry element | Asistencia técnica, italiano |
| Geographic subdivision | América Latina |
| 9 (RLIN) | 10720 |
| 650 24 - SUBJECT ADDED ENTRY--TOPICAL TERM | |
| Topical term or geographic name entry element | Asistencia económica, italiano |
| Geographic subdivision | América Latina |
| 9 (RLIN) | 10721 |
| 650 24 - SUBJECT ADDED ENTRY--TOPICAL TERM | |
| Topical term or geographic name entry element | Relaciones Económicas Internacionales |
| Geographic subdivision | América Latina |
| 9 (RLIN) | 10722 |
| 700 1# - ADDED ENTRY--PERSONAL NAME | |
| Personal name | Bussi, María Inés. |
| Relator term | autora |
| 9 (RLIN) | 10723 |
| 942 ## - ADDED ENTRY ELEMENTS (KOHA) | |
| Source of classification or shelving scheme | Dewey Decimal Classification |
| Koha item type | Books |
| Withdrawn status | Lost status | Source of classification or shelving scheme | Damaged status | Not for loan | Home library | Current library | Shelving location | Date acquired | Source of acquisition | Total Checkouts | Full call number | Barcode | Date last seen | Copy number | Price effective from | Koha item type |
|---|---|---|---|---|---|---|---|---|---|---|---|---|---|---|---|---|
| Dewey Decimal Classification | Biblioteca Pública José María del Castillo y Rada | Biblioteca Pública José María del Castillo y Rada | General Stacks | 04/15/2018 | Donación | 338.94508 / M678n | 201810123 | 05/16/2024 | Ej.1 | 04/15/2018 | Books |